000 00754cac a2200241 a 4500
003 Co-PeBPM
005 20250518192051.0
008 231129s1988||||xx akob|||||||||| ||spa||
020 _a2010125517
040 0 _aCo-PeBPM
_bfra
_cCo-PeBPM
_erda
041 _aspa
082 0 4 _a448 G464b
_222
100 1 _aGibert, Pierre
_eAutor
245 1 0 _aBonne Route! Méthode De Francais
_b: 1B
_c/Pierre Gibert
260 _aParis, Francia
_b:Editorial Hachette
_c,1988
300 _a257 Páginas
_b:Ilustraciones Tablas
_c;25 Centímetros
500 _aIncluye Índice.
650 1 4 _2LEMB
_aLenguas Extranjeras
700 _aVierge, Anne-Marie
_eIlustrador
700 _aLalo, Laurent
_eIlustrador
700 _aGreffet, Philippe
_eSegundo Autor
942 _2ddc
_cBK
999 _c6283
_d6283